Kunming Changshui Int. Airport Destinations (Kunming, China) - Statistics

General Stats
  • This quiz has been taken 26 times
    4 since last reset
  • The average score is 67 of 155
Answer Stats
Airline Destination % Correct
Thai AirAsia Bangkok (Don Mueang)
100%
China Eastern Airlines/Kunming Airlines/Lucky Air/Thai Airways International Bangkok (Suvarnabhumi)
100%
Air China/Hainan Airlines/Kunming Airlines/Lucky Air/Sichuan Airlines Beijing (Capital)
100%
Air China/Beijing Capital Airlines/China Eastern Airlines/China Southern Airlines/China United Airlines Beijing (Daxing)
100%
Air China/Chengdu Airlines/China Eastern Airlines/Sichuan Airlines/Tibet Airlines Chengdu (Shuangliu)
100%
Air China/Air Travel/Chengdu Airlines/China Eastern Airlines/Kunming Airlines/Lucky Air/Ruili Airlines/Sichuan Airlines Chengdu (Tianfu)
100%
China Eastern Airlines/China Express Airlines/Chongqing Airlines/Lucky Air/Sichuan Airlines Chongqing
100%
China Eastern Airlines Dali
100%
Air China/China Eastern Airlines/China Southern Airlines/Dalian Airlines/Hainan Airlines/Lucky Air/Ruili Airlines/Sichuan Airlines Dalian
100%
9 Air/China Eastern Airlines/China Southern Airlines/Kunming Airlines/Lucky Air/Shenzhen Airlines/Sichuan Airlines Guangzhou
100%
Air Guilin Guilin
100%
China Eastern Airlines Hanoi
100%
China Eastern Airlines/Kunming Airlines/Vietnam Airlines Ho Chi Minh City
100%
China Eastern Airlines Hong Kong
100%
AirAsia/Batik Air Malaysia/China Eastern Airlines/Juneyao Air Kuala Lumpur (International)
100%
Air Travel/Beijing Capital Airlines/China Eastern Airlines/Lucky Air/Qingdao Airlines/Shandong Airlines/Sichuan Airlines Qingdao
100%
China Eastern Airlines/Korean Air Seoul (Incheon)
100%
China Eastern Airlines/Juneyao Air/Lucky Air/Shanghai Airlines/Spring Airlines Shanghai (Hongqiao)
100%
Air China/China Eastern Airlines/China Southern Airlines/Juneyao Air/Kunming Airlines/Shanghai Airlines/Sichuan Airlines/Spring Airlines Shanghai (Pudong)
100%
China Eastern Airlines/China Southern Airlines/Donghai Airlines/Hainan Airlines/Kunming Airlines/Lucky Air/Shenzhen Airlines Shenzhen
100%
Air China/China Eastern Airlines/China Express Airlines/Okay Airways/Qingdao Airlines/Ruili Airlines/Sichuan Airlines/Tianjin Airlines Tianjin
100%
China Eastern Airlines Tokyo (Narita)
100%
China Eastern Airlines/China Southern Airlines/Kunming Airlines/Lucky Air/Ruili Airlines Wuhan
100%
China Eastern Airlines/Kunming Airlines/Lucky Air/Shandong Airlines/Sichuan Airlines/XiamenAir Xiamen
100%
China Eastern Airlines/Hainan Airlines/Kunming Airlines/Loong Air/Lucky Air/Ruili Airlines/Sichuan Airlines/Tianjin Airlines/Tibet Airlines Xi'an
100%
Air Travel/China Southern Airlines/Kunming Airlines/Lucky Air/Shanghai Airlines/Shenzhen Airlines/Sichuan Airlines/West Air Zhengzhou
100%
Air Travel/China Eastern Airlines/China Southern Airlines/Loong Air/Lucky Air/Qingdao Airlines/Sichuan Airlines Changchun
67%
Spring Airlines Changde
67%
Air Travel/Chengdu Airlines/China Eastern Airlines/China Southern Airlines/Hainan Airlines/Kunming Airlines/Lucky Air/Okay Airways/Shanghai Airlines/Sichuan Airlines/Tianjin Airlines Changsha
67%
China Eastern Airlines/Ruili Airlines Chiang Mai
67%
China Eastern Airlines Dhaka
67%
China Eastern Airlines/Lucky Air Diqing
67%
China Eastern Airlines/Fuzhou Airlines/Lucky Air/Ruili Airlines/XiamenAir Fuzhou
67%
China Southern Airlines/GX Airlines/Hainan Airlines/Kunming Airlines/Lucky Air/Tianjin Airlines Haikou
67%
Air China/Beijing Capital Airlines/China Eastern Airlines/Hebei Airlines/Juneyao Air/Kunming Airlines/Loong Air/Lucky Air/Ruili Airlines/Sichuan Airlines/XiamenAir Hangzhou
67%
Air China/Beijing Capital Airlines/China Eastern Airlines/China Southern Airlines/Kunming Airlines/Lucky Air/Ruili Airlines/Sichuan Airlines Harbin
67%
China Eastern Airlines/Lucky Air/Okay Airways/Sichuan Airlines/West Air Hefei
67%
Air Travel/China Eastern Airlines/Lucky Air Hohhot
67%
China Eastern Airlines/China Southern Airlines/Kunming Airlines/Lucky Air/Shandong Airlines/Sichuan Airlines Jinan
67%
China Eastern Airlines Kathmandu
67%
Air Travel/China Eastern Airlines/China Southern Airlines/Hainan Airlines/Lucky Air/Ruili Airlines/Sichuan Airlines Lanzhou
67%
China Eastern Airlines/Lucky Air/Sichuan Airlines/Tibet Airlines Lhasa
67%
China Eastern Airlines Lincang
67%
China Eastern Airlines Luang Prabang
67%
China Eastern Airlines/Lucky Air Luzhou
67%
China Eastern Airlines/Myanmar National Airlines Mandalay
67%
Air Travel/China Eastern Airlines/Jiangxi Air/Lucky Air/Shenzhen Airlines Nanchang
67%
Air Travel/China Eastern Airlines/Juneyao Air/Kunming Airlines/Lucky Air/Shandong Airlines/Sichuan Airlines/West Air Nanjing
67%
China Eastern Airlines Nanning
67%
Ruili Airlines Nanyang
67%
China Eastern Airlines/Kunming Airlines Phuket
67%
Air China/Air Guilin/Air Travel/China Eastern Airlines/China Southern Airlines/Loong Air/Ruili Airlines/Shandong Airlines/Sichuan Airlines Shenyang
67%
China Eastern Airlines/China United Airlines/Hebei Airlines/Kunming Airlines/Lucky Air/Spring Airlines Shijiazhuang
67%
China Eastern Airlines/Scoot Singapore
67%
China Eastern Airlines Taizhou
67%
China Eastern Airlines/China Southern Airlines/Lucky Air/Shandong Airlines/Sichuan Airlines Ürümqi
67%
China Eastern Airlines/Lucky Air/Sichuan Airlines Vientiane
67%
China Eastern Airlines/China United Airlines/Lucky Air/Ruili Airlines/Shanghai Airlines Wenzhou
67%
Kunming Airlines Xiangyang
67%
China Eastern Airlines/Lucky Air/Ruili Airlines/Sichuan Airlines Xining
67%
China Eastern Airlines Xinyang
67%
Air Guilin/Loong Air/Lucky Air/Sichuan Airlines Xuzhou
67%
Air China/China Eastern Airlines/Myanmar National Airlines Yangon
67%
China Eastern Airlines Yibin
67%
China Eastern Airlines/Donghai Airlines/Lucky Air Yichang
67%
China Eastern Airlines/Lucky Air/Sichuan Airlines Yinchuan
67%
China Eastern Airlines Yulin (Shaanxi)
67%
China Eastern Airlines/Lucky Air Baoshan
33%
Ruili Airlines Baotou
33%
China Eastern Airlines/Sichuan Airlines Changzhou
33%
Qingdao Airlines Chenzhou
33%
Chengdu Airlines Dazhou
33%
China Eastern Airlines Dubai (International)
33%
China Eastern Airlines Fuyang
33%
Lucky Air Ganzhou
33%
China United Airlines Hanzhong
33%
Shanghai Airlines Hengyang
33%
China Eastern Airlines/Lucky Air Huai'an
33%
Kunming Airlines Huaihua
33%
Kunming Airlines Huizhou
33%
China Eastern Airlines/Sichuan Airlines Lianyungang
33%
China Eastern Airlines/Sichuan Airlines Lijiang
33%
Sichuan Airlines Linfen
33%
China Eastern Airlines Luoyang
33%
Lucky Air Mianyang
33%
China Eastern Airlines Nanchong
33%
Donghai Airlines/Kunming Airlines Nantong
33%
Beijing Capital Airlines/China Eastern Airlines/Lucky Air/Ruili Airlines/Sichuan Airlines/Spring Airlines Ningbo
33%
China Eastern Airlines Phnom Penh
33%
China Eastern Airlines Pu'er
33%
Kunming Airlines Qinhuangdao
33%
China Eastern Airlines Rizhao
33%
China Eastern Airlines/China Southern Airlines/Lucky Air Sanya
33%
Air Travel/China Eastern Airlines Shangrao
33%
China Eastern Airlines Siem Reap
33%
China Eastern Airlines/Kunming Airlines/Lucky Air/Ruili Airlines Taiyuan
33%
Air Travel/China Eastern Airlines Tongren
33%
Sichuan Airlines Wanzhou
33%
Air Travel/China Eastern Airlines/Lucky Air/Ruili Airlines/Shenzhen Airlines/Sichuan Airlines Wuxi
33%
China Express Airlines Yan'an
33%
China Eastern Airlines/Lucky Air Yancheng
33%
Air Travel/China Eastern Airlines/Ruili Airlines/Shandong Airlines/Shenzhen Airlines Yantai
33%
China Eastern Airlines Yiwu
33%
Juneyao Air Yueyang
33%
Air Guilin/Juneyao Air Zhangjiajie
33%
China Eastern Airlines/Lucky Air Zhanjiang
33%
China Eastern Airlines/China Southern Airlines/Lucky Air/Ruili Airlines Zhuhai
33%
China Eastern Airlines Zunyi (Maotai)
33%
Lucky Air Anqing
0%
Sichuan Airlines Bazhong
0%
Juneyao Air Bijie
0%
China Eastern Airlines/Lucky Air Cangyuan
0%
Ruili Airlines Changzhi
0%
China Eastern Airlines Colombo (Bandaranaike)
0%
China Eastern Airlines/Kunming Airlines Datong
0%
Sichuan Airlines Dunhuang
0%
Ruili Airlines Enshi
0%
China United Airlines Foshan
0%
Sichuan Airlines Guangyuan
0%
Air Travel Hailar
0%
China Eastern Airlines Handan
0%
China Eastern Airlines Huangshan
0%
Ruili Airlines Jiayuguan
0%
China Eastern Airlines/China Southern Airlines/Shanghai Airlines Jieyang
0%
Shandong Airlines Jingdezhen
0%
China Eastern Airlines Jinggangshan
0%
Kunming Airlines Jingzhou
0%
China Eastern Airlines/Lucky Air Lancang
0%
Kunming Airlines/Loong Air Linyi
0%
Sichuan Airlines Longyan
0%
China United Airlines Lüliang
0%
China Eastern Airlines Malé
0%
Lucky Air Manado
0%
China Eastern Airlines/Kunming Airlines/Lucky Air/Ruili Airlines/Sichuan Airlines/Spring Airlines/Tibet Airlines Mangshi
0%
China Eastern Airlines Ninglang
0%
China Eastern Airlines Ordos
0%
Spring Airlines Qianjiang
0%
Kunming Airlines/Loong Air/Qingdao Airlines/Shenzhen Airlines/XiamenAir Quanzhou
0%
China Express Airlines/Qingdao Airlines/Shandong Airlines Quzhou
0%
China Eastern Airlines Sanming
0%
Air China/Dalian Airlines Shiyan
0%
Ruili Airlines Tangshan
0%
China Eastern Airlines/Kunming Airlines/Lucky Air/Ruili Airlines Tengchong
0%
Air Travel Turpan
0%
China Express Airlines/China Southern Airlines Wenshan
0%
China Eastern Airlines/Ruili Airlines Wuhu
0%
Ruili Airlines Xiangxi
0%
Sichuan Airlines Xingyi
0%
Air Guilin/China Express Airlines/China Southern Airlines/Ruili Airlines Xinzhou
0%
Chengdu Airlines/China Eastern Airlines/Lucky Air/Ruili Airlines/Shanghai Airlines Xishuangbanna
0%
Kunming Airlines/Spring Airlines Yangzhou
0%
Lucky Air Yihcun (Jiangxi)
0%
China Eastern Airlines Yongzhou
0%
Shenzhen Airlines/Tibet Airlines Yuncheng
0%
Sichuan Airlines Zhongwei
0%
No matching quizzes found
Score Distribution
Percent of People with Each Score
Percentile by Number Answered
Your Score History
You have not taken this quiz since the last reset